| 000 | 01557cam a22003375i 4500 | ||
|---|---|---|---|
| 999 |
_c3303 _d3303 |
||
| 003 | EG-ScBUE | ||
| 005 | 20200119105038.0 | ||
| 008 | 190724t20062006nyu f b 001 0 eng d | ||
| 020 | _a0415974100 | ||
| 020 | _a9780415974103 | ||
| 040 |
_aEG-ScBUE _beng _erda _cEG-ScBUE _dEG-ScBUE |
||
| 082 | 0 | 4 |
_a801.95 _bTYS _222 |
| 100 | 1 |
_aTyson, Lois, _d1950- _eauthor. |
|
| 245 | 1 | 0 |
_aCritical theory today : _ba user-friendly guide / _cLois Tyson. |
| 250 | _aSecond edition. | ||
| 264 | 1 |
_aNew York ; _aAbingdon, Oxon : _bRoutledge / Taylor & Francis Group, _c[2006] |
|
| 264 | 4 | _cc2006 | |
| 300 |
_axiv, 465 pages ; _c24 cm |
||
| 336 |
_atext _btxt _2rdacontent |
||
| 337 |
_aunmediated _bn _2rdamedia |
||
| 338 |
_avolume _bnc _2rdacarrier |
||
| 504 | _aIncludes bibliographical references and index. | ||
| 520 | _aEverything you wanted to know about critical theory but was afraid to ask - Psychoanalytic criticism - Marxist criticism - Feminist criticism - New criticism - Reader-response criticism - Structuralist criticism - Deconstructive criticism - New historical and cultural criticism - Lesbian, gay and queer criticism - African American criticism - Postcolonial criticism - Gaining an overview. | ||
| 650 | 7 |
_aCriticism. _2BUEsh _95477 |
|
| 650 | 7 |
_aCritical theory. _2BUEsh |
|
| 651 | _2BUEsh | ||
| 653 |
_bHHUUEENN _cJuly2019 |
||
| 856 | 4 | 1 |
_3Table of contents only _uhttp://www.loc.gov/catdir/toc/ecip066/2006001722.html |
| 856 | 4 | 1 |
_3Publisher description _uhttp://www.loc.gov/catdir/enhancements/fy0659/2006001722-d.html |
| 942 |
_cBB _2ddc |
||